Statistics for Most Populated Countries- Shape Quiz

Click here to take the quiz!

General Stats

  • This quiz has been taken 14 times
  • The average score is 19 of 20

Answer Stats

Answer% Correct
Brazil
100%
China
100%
Egypt
100%
India
100%
Indonesia
100%
Japan
100%
Mexico
100%
Philippines
100%
Russia
100%
Vietnam
100%
Iran
93%
Thailand
93%
Turkey
93%
United States of America
93%
Bangladesh
86%
Democratic Republic of the Congo
86%
Germany
86%
Nigeria
86%
Pakistan
86%
Ethiopia
79%

Score Distribution

Percentile by Number Answered

Percent of People with Each Score

Your Score History

You have not taken this quiz